History Quiz

Random History or Clickable Quiz

Harlem Renaissance Match-Up Quiz Stats

 Plays Quiz Updated Jul 16, 2017

Support Sporcle.
Go Orange.
Score 0/26 Timer 05:00
0 Plays Today
% Correct
Duke
94.5%
Ella
94%
Roaring
92.9%
Great
86.4%
Cotton
85.8%
Apollo
84.9%
W.E.B.
81.8%
Langston
81.4%
Cab
77.8%
Savoy
73%
Lena
72.8%
Josephine
71.7%
Fats
64.7%
% Correct
Marcus
62.3%
Zora Neale
59.1%
Paul
53.8%
Ma
44.7%
Eubie
43.6%
Marian
42.5%
Ethel
38.7%
James Weldon
29.1%
Countee
28.4%
Augusta
21.1%
Palmer
21%
Jean
18.3%
Archibald
13.9%

You're not logged in!

Compare scores with friends on all Sporcle quizzes.
OR
Log In
Forgot?

From the Vault

Fill in the Middle: Consonant Pairs

by Purple_Parrot

Two consonants and a vowel go into a bar...
Remove Ads.
Support Sporcle.
Get the best of Sporcle when you Go Orange. This ad-free experience offers more features, more stats, and more fun while also helping to support Sporcle. Thank you for becoming a member.

Show Comments

Extras

Top Quizzes Today


Score Distribution

Your Account Isn't Verified!

In order to create a playlist on Sporcle, you need to verify the email address you used during registration. Go to your Sporcle Settings to finish the process.

Report this User

Report this user for behavior that violates our Community Guidelines.

Details: